| 000 -LEADER |
| fixed length control field |
00779nam a2200229Ia 4500 |
| 001 - CONTROL NUMBER |
| control field |
10810 |
| 003 - CONTROL NUMBER IDENTIFIER |
| control field |
GE_BSU |
| 008 - FIXED-LENGTH DATA ELEMENTS--GENERAL INFORMATION |
| fixed length control field |
181216s||||||||xx |||||||||||||| ||und|| |
| 040 ## - CATALOGING SOURCE |
| Transcribing agency |
GE_BSU |
| 080 ## - UNIVERSAL DECIMAL CLASSIFICATION NUMBER |
| Universal Decimal Classification number |
63(031) |
| 245 ## - TITLE STATEMENT |
| Title |
Сельскохозяйственная энциклопедия |
| 245 ## - TITLE STATEMENT |
| Remainder of title |
Т,1.АБ-Годенция |
| 245 ## - TITLE STATEMENT |
| Statement of responsibility, etc. |
ГЛВ.Ред.В.В.Мацкевич и П.П.Лобанов |
| 250 ## - EDITION STATEMENT |
| Edition statement |
4-е изд,перер.и доп. |
| 260 ## - PUBLICATION, DISTRIBUTION, ETC. |
| Place of publication, distribution, etc. |
Москва |
| 260 ## - PUBLICATION, DISTRIBUTION, ETC. |
| Name of publisher, distributor, etc. |
Советская Энциклопедия |
| 260 ## - PUBLICATION, DISTRIBUTION, ETC. |
| Date of publication, distribution, etc. |
1969 |
| 300 ## - PHYSICAL DESCRIPTION |
| Extent |
1200стр. илл,26см. |
| 653 ## - INDEX TERM--UNCONTROLLED |
| Uncontrolled term |
Сельскохозяйственная энциклопедия |
| 653 ## - INDEX TERM--UNCONTROLLED |
| Uncontrolled term |
Энциклопедии, Словари,Справочники. |
| 942 ## - ADDED ENTRY ELEMENTS (KOHA) |
| Koha item type |
წიგნი |